Sister Cities of Greece - Statistics

General Stats
  • This quiz has been taken 11 times
  • The average score is 50 of 295
Answer Stats
Greek City Country Sister City % Correct
Athens Nicosia
82%
Athens Beijing
73%
Heraklion, Patras, Rhodes, Thessaloniki, Zakynthos Limassol
73%
Athens Bucharest
64%
Athens Buenos Aires
64%
Athens Kyiv
64%
Ilioupoli, Larissa Larnaca
64%
Athens Ljubljana
64%
Athens Los Angeles
64%
Chania, Corfu, Mytilene Paphos
64%
Thessaloniki Tel Aviv
64%
Athens Washington, D.C.
64%
Athens Athens
55%
Athens Barcelona
55%
Corfu Belgrade
55%
Thessaloniki Bratislava
55%
Athens, Chania, Corfu, Patras, Salamina Famagusta
55%
Rhodes Perth
55%
Thessaloniki Plovdiv
55%
Piraeus Saint Petersburg
55%
Athens Seoul
55%
Thessaloniki Alexandria
45%
Athens Ashgabat
45%
Patras Banja Luka
45%
Corfu, Patras Bari
45%
Kalymnos Mariupol
45%
Piraeus Marseille
45%
Thessaloniki Melbourne
45%
Athens Montreal
45%
Athens New York City
45%
Thessaloniki Nice
45%
Ilioupoli Novi Sad
45%
Naousa Podgorica
45%
Athens Rio de Janeiro
45%
Thessaloniki San Francisco
45%
Sparta Taranto
45%
Preveza Türi
45%
Piraeus Varna
45%
Volos Antofagasta
36%
Thessaloniki Bologna
36%
Alexandroupoli Burgas
36%
Thessaloniki Busan
36%
Athens Chicago
36%
Athens Cusco
36%
Kalymnos Darwin
36%
Patras Debrecen
36%
Ilioupoli Iași
36%
Corfu Ioannina
36%
Kolindros Kannus
36%
Thessaloniki Korçë
36%
Mytilene Portland
36%
Volos Rostov-on-Don
36%
Zakynthos Serravalle
36%
Piraeus Shanghai
36%
Rhodes Valletta
36%
Chania Wellington
36%
Kalamata Xi'an
36%
Volos Batumi
27%
Athens Bethlehem
27%
Corfu Bethlehem
27%
Katerini Brăila
27%
Patras Bydgoszcz
27%
Thessaloniki Cologne
27%
Thessaloniki Constanţa
27%
Thessaloniki Durrës
27%
Kolindros Esch (Haaren)
27%
Piraeus Galaţi
27%
Patras Gjirokastër
27%
Chalandri Harbin
27%
Thessaloniki Kolkata
27%
Larissa Kos
27%
Aigio Kyrenia
27%
Thessaloniki Leipzig
27%
Lamia, Preveza Mytilene
27%
Kavala Nuremberg
27%
Piraeus Odesa
27%
Piraeus Ostrava
27%
Corfu Parma
27%
Kallithea Prague 5 (Prague)
27%
Mytilene Preveza
27%
Corfu Sarandë
27%
Larissa Stara Zagora
27%
Heraklion Tampa
27%
Aigio Alba Iulia
18%
Rhodes Ávila
18%
Rethymno Ayia Napa
18%
Larissa Bălți
18%
Larissa Banská Bystrica
18%
Patras Byblos
18%
Chalandri Enfield
18%
Kallithea Ferrara
18%
Thessaloniki Hartford
18%
Mytilene Lamia
18%
Xanthi New Belgrade (Belgrade)
18%
Lefkada, Tripoli Paralimni
18%
Naousa Paros
18%
Rhodes Pisa
18%
Rhodes Rhode Island
18%
Piraeus Rosario
18%
Preveza Rovinj
18%
Kolindros Samuel (Soure)
18%
Preveza Sherborne
18%
Sparta Sopron
18%
Heraklion Toledo
18%
Piraeus Worcester
18%
Rhodes Yalta
18%
Preveza Agros
9%
Nea Ionia Alanya
9%
Laurium Aleksinac
9%
Preveza Altea
9%
Trikala Amberg
9%
Larissa Anapa
9%
Trikala Antiparos
9%
Mouresi Aradippou
9%
Kavala Aranđelovac
9%
Tripoli Arcadia
9%
Kalymnos Arles
9%
Naousa Asenovgrad
9%
Preveza Asikkala
9%
Preveza Bad Kötzting
9%
Piraeus Baltimore
9%
Triandria Bansko
9%
Preveza Bellagio
9%
Xanthi Beşiktaş
9%
Kolindros Bienvenida
9%
Kolindros Bièvre
9%
Kalamata Bizerte
9%
Kolindros Bucine
9%
Preveza Bundoran
9%
Katerini Čačak
9%
Kolindros Cashel
9%
Trikala Castrop-Rauxel
9%
Kalymnos Chieti
9%
Preveza Chojna
9%
Kolindros Cissé
9%
Kolindros Desborough
9%
Kavala Durham
9%
Chania Ermoupoli
9%
Serres Fosses
9%
Eleusis Gela
9%
Kallithea Gelendzhik
9%
Agia Paraskevi Geroskipou
9%
Patmos Glastonbury
9%
Rhodes Gotland
9%
Preveza Granville
9%
Kolindros Hepstedt
9%
Preveza Holstebro
9%
Preveza Houffalize
9%
Kolindros Ibănești
9%
Perdika Jagodina
9%
Preveza Judenburg
9%
Mytilene Kalamaria
9%
Kolindros Kandava (Tukums)
9%
Komotini Kardzhali
9%
Larissa Knoxville
9%
Preveza Kőszeg
9%
Corfu Kruševac
9%
Kolindros Lassee
9%
Volos Le Mans
9%
Sparta Le Plessis-Trévise
9%
Kalamata Lowell
9%
Triandria Maasmechelen
9%
Laurium Mangalia
9%
Preveza Marsaskala
9%
Kolindros Medzev
9%
Preveza Meerssen
9%
Samos Megara
9%
Corfu Meissen
9%
Kalamata, Naousa, Tripoli Missolonghi
9%
Kolindros Moravče
9%
Sparta Morphou
9%
Chalandri Nablus
9%
Kolindros Nadur
9%
Kolindros Næstved
9%
Kolindros Nagycenk
9%
Zitsa Nardò
9%
Rhodes New Braunfels
9%
Skiathos Newport
9%
Preveza Niederanven
9%
Heraklion Nizhny Novgorod
9%
Kolindros Ockelbo
9%
Preveza Oxelösund
9%
Kolindros Pano Lefkara
9%
Perdika Paraćin
9%
Serres Petrich
9%
Volos Pleven
9%
Lefkada Ploiești
9%
Chania Polis
9%
Kolindros Põlva
9%
Keratsini Prešov
9%
Trikala Pyatigorsk
9%
Laurium Quimper
9%
Kalamata Râmnicu Vâlcea
9%
Patras Reggio Calabria
9%
Preveza Rokiškis
9%
Larissa Rybnik
9%
Lamia Rzeszów
9%
Agia Paraskevi Saint-Brieuc
9%
Patras Saint-Étienne
9%
Patras Santa Barbara
9%
Kallithea Sartrouville
9%
Patras Savannah
9%
Preveza Sesimbra
9%
Lefkada Shinjuku (Tokyo)
9%
Preveza Sigulda
9%
Alexandroupoli Simferopol
9%
Preveza Siret
9%
Preveza Škofja Loka
9%
Kolindros Slivo Pole
9%
Volos Smederevo
9%
Xanthi Smolyan
9%
Alexandroupoli Sosnovy Bor
9%
Preveza Spišská Nová Ves
9%
Sparta Stamford
9%
Kolindros Starý Poddvorov
9%
Katerini Surgut
9%
Preveza Sušice
9%
Corfu Tai'an
9%
Piraeus Tartus
9%
Kolindros Troisvierges
9%
Preveza Tryavna
9%
Trikala Tucson
9%
Serres Veliko Tarnovo
9%
Trikala Vranje
9%
Alexandroupoli Vyborg (Saint Petersburg)
9%
Patras Wuxi
9%
Komotini Yalova
9%
Zakynthos Yevpatoria
9%
Kolindros Žagarė (Joniškis)
9%
Naousa Zgorzelec
9%
Preveza Zvolen
9%
Kalamata Aglandjia
0%
Kalamata Amioun
0%
Corfu Asha
0%
Skopelos Atarfe
0%
Patmos Auderghem
0%
Chania Axioupoli
0%
Spetses Bailén
0%
Trikala Banan (Chongqing)
0%
Xanthi Biga
0%
Mytilene Brod
0%
Chalandri Calimera
0%
Aigio Capaccio Paestum
0%
Rethymno Castenaso
0%
Lamia Chioggia
0%
Rhodes Conches-en-Ouche
0%
Heraklion Čukarica (Belgrade)
0%
Trikala Dropull
0%
Lefkada Emmaboda
0%
Chania Engomi
0%
Larissa Foča
0%
Skiathos Formentera
0%
Xanthi Gifhorn
0%
Kavala Gradiška
0%
Patmos Grottaferrata
0%
Ilioupoli Heliopolis (Cairo)
0%
Aigio Kalavryta
0%
Chania Karpathos
0%
Zakynthos Kiryat Bialik
0%
Alexandroupoli, Kalymnos Lakatamia
0%
Sparta Lapithos
0%
Drama Lauf an der Pegnitz
0%
Nea Ionia Lefkoniko
0%
Lefkada Leucate
0%
Syvota Locorotondo
0%
Katerini Maintal
0%
Nea Ionia Martina Franca
0%
Sparta Merri-bek
0%
Triandria Mesa Geitonia
0%
Samos Metaponto (Bernalda)
0%
Mouresi Mollaj (Korcë)
0%
Katerini Moosburg
0%
Lefkada Nahariya
0%
Laurium Oia
0%
Zakynthos Pavia
0%
Tripoli Peine
0%
Laurium Plomari
0%
Nea Anchialos Pomorie
0%
Lefkada Prymorsky District (Odesa)
0%
Rhodes Roses
0%
Triandria San Giorgio Ionico
0%
Mytilene Setouchi
0%
Kolindros Strzyżów
0%
Zakynthos Sulmona
0%
Trikala Talence
0%
Sparta Tanagura
0%
Kavala Tarancón
0%
Kalymnos Tarpon Springs
0%
Kolindros Tisno
0%
Corfu Tremetousia
0%
Corfu Troisdorf
0%
Corfu Vathy
0%
Igoumenitsa Velbert
0%
Kalamata West Torrens
0%
Komotini Yıldırım
0%
No matching quizzes found
Score Distribution
Percent of People with Each Score
Percentile by Number Answered
Your Score History
You have not taken this quiz